Datum a čas kvízu
28
Celkem bodů
Celkový počet nahraných bodů na tomto kvízu bez doplňovacích otázek.
13.
Pořadí na kvízu
Konečné umístění týmu na tomto kvízu.
Zaznamenané odpovědi
| # | Otázka | Odpověď | Body | Výsledky |
|---|---|---|---|---|
| 1. | Ředitel pražské zoologické zah... | Miroslav Bobek | 1 | |
| 2. | Ve které evropské metropoli se... | v Kodani | 1 | |
| 3. | U příležitosti narozenin jedné... | Marta Kubišová | 1 | |
| 4. | Od 1. října už není možné žáda... | Superdávka | 1 | |
| 5. | Česká republika má od minulého... | Linda Nosková | 1 | |
| 6. | Wikipedii s nejvyšší pravděpod... | z havajštiny | 1 | |
| 7. | Fanoušci kvízu občas jistě se... | A | 0 | |
| 8. | Dobrým zdrojem informací jsou... | Jsi chytřejší než páťák? | 1 | |
| 9. | Mnemotechnické pomůcky se hodí... | barvy duhy (pořadí) | 0 | |
| 10. | Někdy však k úspěchu v kvízu s... | 1D 2B 3A 4C | 1 |